Φύλο και διεθνείς σχέσεις : θεωρία, πρακτική. πολιτικές
Αποθηκεύτηκε σε:
| Κύριος συγγραφέας: | |
|---|---|
| Άλλοι συγγραφείς: | , |
| Μορφή: | Βιβλίο |
| Γλώσσα: | Greek English |
| Δημοσίευση: |
Αθήνα :
Πεδίο,
2016.
|
| Έκδοση: | 3η έκδ. ; |
| Σειρά: | Επιστημονικές εκδόσεις (Τόπος) ; Διεθνείς σχέσεις.
|
| Θέματα: | |
| Ετικέτες: |
Προσθήκη ετικέτας
Δεν υπάρχουν, Καταχωρήστε ετικέτα πρώτοι!
|
MARC
| LEADER | 00000nam a2200000 a 4500 | ||
|---|---|---|---|
| 001 | 1/114283 | ||
| 008 | 170607s2016####gr | ||| |||| ||gre|| | ||
| 020 | |a 9789605467302 | ||
| 040 | |a GR-MyUa |b gre |c GR-MyUa |e AACR2 | ||
| 041 | 1 | |a gre |h eng | |
| 082 | 7 | |a 327.082 |2 (23) | |
| 100 | 1 | |a Steans, Jill. | |
| 245 | 1 | 0 | |a Φύλο και διεθνείς σχέσεις : |b θεωρία, πρακτική. πολιτικές / |c Jill Steans ; μετάφραση: Ρόζα Βασιλάκη ; επιστημονική επιμέλεια: Χαρά Καραγιαννοπούλου. |
| 250 | |a 3η έκδ. ; |b (διευρυμένη και πλήρως αναθεωρημένη). | ||
| 260 | |a Αθήνα : |b Πεδίο, |c 2016. | ||
| 300 | |a 398 σ. ; |c 24 εκ. | ||
| 490 | 1 | |a (Διεθνείς σχέσεις) | |
| 500 | |a Μετάφραση του: Gender and international relations. | ||
| 504 | |a Βιβλιογραφία: σ. [378]-398. | ||
| 650 | 0 | |a International relations |x Psychological aspects. | |
| 650 | 0 | |a Feminism |x Political aspects. | |
| 650 | 0 | |a Gender identity |x Political aspects. | |
| 650 | 0 | |a Feminist theory. | |
| 700 | 1 | |a Καραγιαννοπούλου, Χαρά, |e edtf | |
| 700 | 1 | |a Βασιλάκη, Ρόζα, |e trlf | |
| 830 | 0 | |a Επιστημονικές εκδόσεις (Τόπος) |p ; Διεθνείς σχέσεις. | |
| 852 | |a INST |b RHODES |c EUDOXUS |e 20170607 |h 327.082 STE |p 005400039323 |q 005400039323 |t EDX |y 0 | ||
| 920 | |a Εύδοξος |b Παραγγελία |y Ρόδος-ΤΕΠΑΕΣ |z 2017-05 | ||
| 970 | |z 07-06-2017 | ||